00900cam a2200193 a 450000100100000000500170001000800410002704000230006808200150009110000390010624500650014526000470021030000210025749000410027850502750031965000310059470000400062583000410066500000748920200929154204.0880302s1941 mx 000 0 spa  aDO-SdBNPcCLUdDLC a901bK167f1 aKantq(Immanuel Kant),d1724-1804.10aFilosofía de la historia /cKant ; prólogo Eugenio Imaz. aMéxico :bEl Colegio de México,c1941. a147 p. ;c18 cm.1 aTextos clásicos de filosofía,v10 aPrólogo del traductor -- Qué es la ilustracion? -- Idea de una historia universal en sentido cosmopolita.--Comienzo presunto de la historia humana -- Si el género humano se halla en progreso constante hacia mejor -- El fin de todas las cosas -- Nota del traductor. 4aFilosofía de la historia1 aImaz, Eugenio,d1900-1951.epról. 0aTextos clásicos de filosofía,v1